Muse Lyrics #4 - Statistics

General Stats
  • This quiz has been taken 286 times
  • The average score is 102 of 181
Answer Stats
Lyrics % Correct
a
94%
I
94%
you
90%
You
90%
the
87%
me
80%
to
76%
and
75%
And
75%
do
73%
don't
68%
Don't
68%
it
68%
so
67%
have
65%
my
64%
Can
62%
will
62%
in
61%
want
61%
on
60%
Showbiz
58%
when
58%
your
58%
time
57%
for
56%
but
55%
am
54%
She
54%
way
54%
that
53%
it's
51%
It's
51%
see
51%
ever
50%
look
50%
what
49%
could
48%
other
48%
too
48%
Too
48%
had
47%
I'll
47%
something
46%
own
45%
never
44%
every
43%
just
43%
adore
42%
confess
42%
her
42%
ignore
42%
much
41%
big
38%
give
38%
resist
38%
toilet
38%
wait
38%
played
37%
long
36%
made
36%
mistake
36%
pleases
36%
You've
36%
more
35%
over
35%
world
35%
gone
34%
spoil
34%
until
34%
trying
33%
still
32%
than
32%
begging
31%
I've
31%
late
31%
little
31%
Yeah,
31%
missed
30%
prove
30%
needing
29%
escaped
27%
reveal
27%
shown
24%
you'd
21%
No matching quizzes found
Score Distribution
Percent of People with Each Score
Percentile by Number Answered
Your Score History
You have not taken this quiz